Municípios da Região Metropolitana da Foz do Rio Itajaí (SC) no mapa - Statistics

Estatísticas Gerais
  • Esse quiz foi jogado 121 vezes
  • A pontuação média é 7 de 9
Respostas no mapa
Respostas codificadas por cores de uma escala verde-vermelha no mapa do quiz de acordo com a % correta abaixo.
 
Estatísticas das Respostas
Município % Correto
Balneário Camboriú
97%
Itajaí
92%
Camboriú
90%
Navegantes
82%
Bombinhas
79%
Itapema
77%
Penha
72%
Porto Belo
67%
Balneário Piçarras
54%
Nenhum quiz correspondente encontrado
Distribuição das Pontuações
Porcentagem de Pessoas com Cada Pontuação
Percentil de Números Respondidos
Sua Pontuação Histórica
Você não jogou esse quiz